000 005260000a22001810004500
003 MACL
005 20160412160944.0
008 160412b xxu||||| |||| 00| 0 eng d
040 _aMACL
_cMACL
041 _aHindi
082 _a610
100 _aभारद्धाज शीतांशु
_946574
245 _aरोग आैर उपचार
260 _bपराग प्रकाशन
_c2005
_aनई दिल्‍ली
350 _a150
650 _aMedical Science
_952000
942 _cHIN
_k610
_2ddc
999 _c18995
_d18995